| 000 | 00966nac a22002411u 4500 | ||
|---|---|---|---|
| 010 | _a 87031021 | ||
| 020 | _a0198266707 : | ||
| 082 | 0 | 0 |
_a232.0924 _bCOA |
| 090 |
_c5606 _d5606 |
||
| 100 | _aCoakley, Sarah, | ||
| 245 | 1 | 0 |
_aChrist without absolutes : _ba study of the Christology of Ernst Troeltsch / _cSarah Coakley. |
| 260 |
_aOxford [England] : _bClarendon Press ; _aNew York : _bOxford University Press,c.1988. _cc.1988. |
||
| 300 |
_aix, 214 p. ; _c23 cm. |
||
| 500 | _aIncludes index. | ||
| 500 | _aDistributer : Al-Ahram. | ||
| 504 | _aBibliography: p. [198]-209. | ||
| 511 | _aCatalogued By : Mahitab. | ||
| 600 | 0 | 0 |
_aJesus Christ _xHistory of doctrines _y20th century. |
| 600 | 0 | 0 |
_aTroeltsch, Ernst, _d1865-1923. |
| 650 |
_aJesus Christ _cHistory of doctrines _v19th century. |
||
| 856 | 4 | 2 |
_3Publisher description _uhttp://www.loc.gov/catdir/enhancements/fy0639/87031021-d.html |
| 942 |
_cBB _k232.0924COA |
||
| 999 |
_c5606 _d5606 |
||